| 000 | 00551nam a2200193 a 4500 | ||
|---|---|---|---|
| 001 | 1460 | ||
| 003 | CO-ViMGA | ||
| 008 | 141112s2004 ck r 000 u spa d | ||
| 040 |
_aCO-ViMGA _bspa _cCO-ViMGA |
||
| 082 | 0 | 4 | _a372.356 F375 2o. |
| 100 | 1 | _aFernández Rincón, Myriam Stella | |
| 245 | 1 | 0 |
_aBiólogos 2 : _bciencias naturales y de la salud |
| 260 |
_aSantafé de Bogotá : _bVoluntad, _c1996 |
||
| 300 | _a80 p : il | ||
| 505 | _aCiencias Naturales 2 | ||
| 590 | _aEjemplares : 01 | ||
| 650 | 1 | 4 |
_aCIENCIAS NATURALES _94413 |
| 942 |
_2ddc _cBK |
||
| 999 |
_c13652 _d13652 |
||